Arabic Documents, 1899-1949 : (Record no. 590857)

MARC details
000 -LEADER
fixed length control field 00395nam a2200169 a 4500
008 - FIXED-LENGTH DATA ELEMENTS--GENERAL INFORMATION
fixed length control field 251005s1994##################000#0#eng##
020 ## - INTERNATIONAL STANDARD BOOK NUMBER
ISBN 9781852074401
082 04 - DEWEY DECIMAL CLASSIFICATION NUMBER
Classification number 953.67
Item number ASS.11
245 10 - TITLE STATEMENT
Title Arabic Documents, 1899-1949 :
260 ## - PUBLICATION, DISTRIBUTION, ETC. (IMPRINT)
Year of publication 1994.
650 #0 - SUBJECT ADDED ENTRY--TOPICAL TERM
Topical Term Great Britain.
942 ## - ADDED ENTRY ELEMENTS (KOHA)
Koha item type English Books
Holdings
Withdrawn status Lost status Damaged status Not for loan Home library Current library Shelving location Date acquired Full call number Accession Number Price effective from Koha item type
        Anna Centenary Library Anna Centenary Library 7TH FLOOR, B WING 05.10.2025 953.67 ASS.11 248734 05.10.2025 English Books

Find us on the map